000 01031cam a22003137a 4500
003 CHAP
005 20220329141910.0
008 980506d1995 mx r 00110 spa d
010 _a75455
011 _a76427
035 _a86012
040 _cCHAP
090 _aFolleto 15049
100 0 0 _aGarcía Ocampo, Blanca Margarita
_ecomp.
_946388
245 1 0 _aReglamentos
_c/comp. por Blanca Margarita García Ocampo
260 _aChapingo, Méx. :
_bUACH. Biblioteca Central,
_c1995.
300 _a20 h.
590 _aBATCH-UPD
_b10
_c20130110
_lUCH01
_h1747
590 _aBATCH-UPD
_b10
_c20130410
_lUCH01
_h1126
590 _aBATCH-UPD
_b10
_c20130914
_lUCH01
_h0623
590 _aCONVERSION
_b10
_c20130109
_lUCH01
_h1341
650 1 4 _aBibliotecas
_xNormas.
_912525
901 _aBK
905 _aAlejandra Carrasco M.
942 _cFOLL
949 _aFolleto 15049
_bBC
_cFOLL
_d860121
_eTS1
_i86012
_sb
949 _aFolleto 15049
_bBC
_cFOLL
_d860122
_eTS2
_fc.2
_i86012
_si
949 _aFolleto 15049
_bBC
_cUACH
_d860123
_eUACH
_fc.3
_i86012
_sb
999 _c75455
_d75455